| 000 | 02580cam a22004574i 4500 | ||
|---|---|---|---|
| 003 | PE-LiUPU | ||
| 005 | 20250731173048.0 | ||
| 008 | 171228s2017 xxua rb 000 0 eng d | ||
| 020 | _a9781628371789 | ||
| 035 | _a(Sirsi) a240815 | ||
| 040 |
_aPE-LiUPU _bspa _cPE-LiUPU _erda |
||
| 049 | _aPRUA | ||
| 082 | 0 | 4 |
_a296.09014 _bB17 _223 |
| 100 | 1 |
_aBalcells Gallarreta, José E., _eautor. |
|
| 245 | 1 | 0 |
_aHousehold and family religion in Persian-period Judah : _ban archaeological approach / _cJosé E. Balcells Gallarreta. |
| 264 | 1 |
_aAtlanta : _bSBL Press; _c2017 |
|
| 300 |
_aXIV, 193 páginas: _bilustraciones ; _c23 centímetros |
||
| 336 |
_atext _2rdacontent |
||
| 337 |
_aunmediated _2rdamedia |
||
| 338 |
_avolume _2rdacarrier |
||
| 504 | _aBibliografía : páginas 179-188. | ||
| 505 | 0 | _aThe Need for Research -- State of Research -- Project Scope -- 1.Methods and Definitions -- Social-Scientific Theories and Methods and Their Contributions to Biblical Studies -- Texts and Methods -- Archaeology of Ritual and Religion -- Persian Period Ritual In Ezra -- Significance -- Background of Ezra-Nehemiah -- Provenance -- Geographical Boundaries for Yehud -- Judah and the Southern Levant under Persian Rule -- Persian Influence on Religion -- Language -- Demographic Changes: Social and Ethnic Groups -- Identity Formation -- Analysis of Ezra -- Review of Other Persian Period Biblical Texts -- Persian Period Ritual Artifacts From Tell En-Nasbeh Households -- Significance of Tell en-Nasbeh -- Persian Period Tell en-Nasbeh -- Archaeology Related to Ritual and Religion -- Ritual Artifacts -- Persian Period Architecture and Natural Landscape From Tell En-Nasbeh -- Ritual Loci: Architecture and Natural Landscape -- Persian Period Ritual Material Culture From Other Yehud Sites -- Shephelah Sites -- Archaeology Related to Ritual and Religion -- Ritual Loci: Architecture and Natural Landscape -- Summary and Conclusions. | |
| 526 | _aSEG42 | ||
| 526 | _aSEG41 | ||
| 526 | _aSEG40 | ||
| 526 | _aSEG39 | ||
| 526 | _aP94 | ||
| 526 | _aP87 | ||
| 526 | _aP86 | ||
| 526 | _aP85 | ||
| 526 | _aP77 | ||
| 526 | _aP76 | ||
| 526 | _aP35 | ||
| 650 | 0 | 4 | _aMaterial culture. |
| 650 | 0 | 4 | _aCultura material. |
| 910 |
_adbm _bksl _cksl _d20171228 |
||
| 596 | _a1 | ||
| 942 |
_2ddc _cBOOK |
||
| 999 |
_a296.09014 B17 _wLC _c26506 _i77906 _f2021-11-11 _g4 _lCCODEBUL1 _mBUL _p25.00 _r0 _sY _tBOOK _u2017-12-28 _xTEOLOGIA _PP85 _0DONACION _o.STAFF. Colección Teología _d26506 |
||
| 980 |
_81 _gALBERTO SANCHEZ Responsable de Automatización |
||